Hiệu năng - Châm ngôn của nhà doanh nghiệp
Trình bày các nội dung: Nhiệt huyết; Mạo hiểm; Suy nghĩ để tìm ý rồi thực hành; Biết cách làm việc; Biết nghỉ ngơi; Dùng người; Ngay thẳng; Biết quảng cáo; Tiêu tiền; Giúp ích nhân loại
Đã lưu trong:
| Tác giả chính: | |
|---|---|
| Định dạng: | Sách |
| Ngôn ngữ: | Undetermined |
| Được phát hành: |
H.
Hồng Đức
2018
|
| Những chủ đề: | |
| Truy cập trực tuyến: | http://lrc.tdmu.edu.vn/opac/search/detail.asp?aID=2&ID=35595 |
| Các nhãn: |
Thêm thẻ
Không có thẻ, Là người đầu tiên thẻ bản ghi này!
|
| Thư viện lưu trữ: | Trung tâm Học liệu Trường Đại học Thủ Dầu Một |
|---|
| LEADER | 00934nam a2200205Ia 4500 | ||
|---|---|---|---|
| 001 | TDMU_35595 | ||
| 008 | 210410s9999 xx 000 0 und d | ||
| 082 | |a 351.59777 | ||
| 090 | |b NG527 | ||
| 100 | |a Nguyễn, Hiến Lê | ||
| 245 | 0 | |a Hiệu năng - Châm ngôn của nhà doanh nghiệp | |
| 245 | 0 | |c Nguyễn Hiến Lê | |
| 260 | |a H. | ||
| 260 | |b Hồng Đức | ||
| 260 | |c 2018 | ||
| 300 | |a 212tr. | ||
| 520 | |a Trình bày các nội dung: Nhiệt huyết; Mạo hiểm; Suy nghĩ để tìm ý rồi thực hành; Biết cách làm việc; Biết nghỉ ngơi; Dùng người; Ngay thẳng; Biết quảng cáo; Tiêu tiền; Giúp ích nhân loại | ||
| 650 | |a Kinh doanh |x Bí quyết thành công | ||
| 856 | |u http://lrc.tdmu.edu.vn/opac/search/detail.asp?aID=2&ID=35595 | ||
| 980 | |a Trung tâm Học liệu Trường Đại học Thủ Dầu Một | ||